Test Vocabulaire Anglais (vers français) - théâtre - Statistiques

Statistiques générales
  • Ce quiz a été pris 25 fois
    17 depuis la dernière actualisation
  • Le résultat moyen est 24 sur 121
Statistiques - réponses
Hint Réponse % Correct
an act un acte
93%
a scene une scène
93%
a comedy une comédie
86%
a tragedy une tragédie
86%
a monologue un monologue
86%
a farce une farce
71%
a line une réplique
71%
a play une pièce de théâtre
57%
a pantomime un pantomime
50%
the circle le balcon
43%
The Audience Le public
43%
backstage les coulisses
43%
an actor un acteur
43%
a playwright un dramaturge
43%
a producer un producteur
43%
a success un succès
43%
the stage la scène
36%
the curtain le rideau
36%
produce produire
36%
a ticket un billet
36%
an actress une actrice
36%
a company une troupe
36%
applaud applaudir
29%
Break your leg ! Bonne chance !
29%
comic comique
29%
the first night la première
29%
tragic tragique
29%
an aside un aparté
29%
a part un rôle
29%
a prompter un souffleur
29%
boo huer
21%
the scenery le décor
21%
acting le jeu de l'acteur
21%
the leading role le rôle principal
21%
applause les applaudissements
21%
booing les huées
21%
raise the curtain lever le rideau
21%
book réserver
21%
prompt sth souffler qqch
21%
a flop un bide
21%
a crowd une foule
21%
a box | a dressing-room une loge
21%
a matinée une matinée
21%
an interval un entracte
21%
an ovation une ovation
21%
a seat une place
21%
a stage director un metteur en scène
21%
watch a performance assister à une représentation
14%
packed bondé
14%
sold out complet
14%
tour faire une tournée
14%
the balcony le deuxième balcon
14%
the gods le poulailler
14%
the props les accessoires
14%
the limelights les feux de la rampe
14%
stage fright le trac
14%
crowded plein
14%
hiss siffler
14%
stamp one's feet taper des pieds
14%
histrionic théâtral (geste)
14%
an understudy une doublure
14%
a speech une longue réplique
14%
a rehearsal une répétition générale
14%
an empty house une salle vide
14%
an evening performance une soirée
14%
an encore un rappel
14%
a box-office hit un succès commercial
14%
drop the curtain abaisser le rideau
7%
it's curtains for him c'est fini pour lui
7%
it's the same old song c'est toujours la même rengaine
7%
to cast someone in the role of the villain donner le mauvais rôle à qqn
7%
be on être à l'affiche
7%
... and all that jazz et tout le bataclan
7%
to make a scene faire une scène
7%
the show must go on il faut continuer coûte que coûte
7%
play a part interpréter un rôle
7%
give an encore jouer un rappel
7%
act (a part) jouer (un rôle)
7%
the dress circle la corbeille
7%
the cast la distribution
7%
The Theater House La salle de théâtre
7%
the backdrop la toile de fond
7%
the stage door l'entrée des artistes
7%
Royal Theatre Drury Lane le plus ancien théâtre de Londres
7%
the stalls / the orchestra les fauteuils d'orchestre
7%
stage directions les indications scéniques
7%
The Globe le théâtre de Shakespeare
7%
off-off Broadway le théâtre expérimental
7%
to walk on a tight rope marcher sur une corde raide
7%
mime mimer
7%
stage a play monter une pièce
7%
audition (for) passer une audition (pour)
7%
call for an encore rappeler
7%
rehearse répéter
7%
theatrical scénique
7%
give sb a standing ovation se lever pour ovationner qqn
7%
dramatic théâtral (oeuvre)
7%
melodramatic théâtral (ton)
7%
a playgoer un amateur de théâtre
7%
a tirade une diatribe
7%
a full empty house une salle comble
7%
an amateur company une troupe d'amateurs
7%
a fringe festival un festival "off"
7%
a supporting part un rôle secondaire
7%
a happening un spectacle qui fait événement
7%
to run the show dicter ses lois
0%
it takes two to tango il faut être deux pour jouer à ce jeu là
0%
to put on an act jouer la comédie
0%
to play to the gallery jouer pour la galerie
0%
perform a play jouer une pièce
0%
the West End le quartier des spectacles à Londres
0%
Broadway quartier des théâtre à New York
0%
to happen behind the scenes se passer dans les coulisses
0%
to show off se vanter
0%
to take one's cue from suivre l'exemple de
0%
to upstage a rival supplanter un rival
0%
an off-Broadway theater théâtre qui joue des pièces d'avant-garde
0%
to pull the strings tirer les ficelles
0%
a drama festival un festival d'art dramatique
0%
to steal the show voler la vedette
0%
Aucun quiz correspondant
Distribution des résultats
% des personnes avec chaque résultat
Percentile par nombre de réponses
Votre historique - résultats
Vous n’avez pas pris ce quiz depuis la dernière actualisation